00426nam a2200169Ia 4500003000400000005001700004008004100021020001500062040001800077041000800095082002100103100002000124245003800144250001200182260003800194300002400232OSt20241217090150.0210716s1977 xx 000 0 und d a0553109405 cAIMIT LIBRARY aeng a808.83 21bHART aHarris, Thomas. aBlack sunday /cBy Thomas Harris. a1st ed. aNew York :bBantam books ;c1977. a312p. ;bPBc17 cm.